And pastures new ; a collection of poems.

Bibliographic Details
Main Author: Cane, Melville, 1879-1980
Format: Book
Language:English
Published: New York : Harcourt, Brace, [1956]
Edition:[1st ed.].

MARC

Tag First Indicator Second Indicator Subfields
LEADER 00000cam a2200000 4500
001 in00000025459
005 20151007062440.0
008 750717s1956 nyu 00000 eng u
010 |a  56005333  
035 |a (OCoLC)01455143 
035 |9 AAD4917AM 
040 |c DZM  |d TXA  |d UtOrBLW 
049 |a TXAM  |c [267814] 
050 0 |a PS3505.A557  |b A6 1956 
082 0 |a 811.5 
092 |a 811  |b C221p 
100 1 |a Cane, Melville,  |d 1879-1980. 
245 1 4 |a And pastures new ;  |b a collection of poems. 
250 |a [1st ed.]. 
264 1 |a New York :  |b Harcourt, Brace,  |c [1956] 
300 |a 244 pages ;  |c 21 cm. 
336 |a text  |b txt  |2 rdacontent 
337 |a unmediated  |b n  |2 rdamedia 
338 |a volume  |b nc  |2 rdacarrier 
999 |a MARS 
999 f f |s 9c721274-8743-32b9-bdac-da59aa0f7fc3  |i c31354f2-cf0a-3207-8c46-551bb2689117  |t 0 
952 f f |p ric  |a Texas A&M University  |b Rellis Campus  |c Joint Library Facility  |d Remote Storage  |t 0  |e PS3505.A557 A6 1956  |h Library of Congress classification  |i unmediated -- volume  |m A14801214007 
998 f f |a PS3505.A557 A6 1956  |t 0  |l Remote Storage